[Event "XXXII Memorial Edoardo Crespi B"]
[Site "Milano ITA"]
[Date "2011.12.07"]
[Round "1"]
[White "Alidosi, Marco"]
[Black "Piantoni, Pierino"]
[Result "0-1"]
[WhiteElo "1817"]
[BlackElo "1932"]
[PlyCount "28"]
[EventDate "2011.12.07"]

1. d4 d5 2. Bf4 e6 3. e3 Bd6 4. Bg3 h5 5. Nf3 h4 6. Bxd6 Qxd6 7. Nbd2 Nf6 8.
Ne5 Nbd7 9. Ndf3 Qb4+ 10. Nd2 Qxb2 11. Bd3 Nxe5 12. dxe5 Qxe5 13. Nf3 Qc3+ 14.
Kf1 e5 0-1

[Event "XXXII Memorial Edoardo Crespi B"]
[Site "Milano ITA"]
[Date "2011.12.07"]
[Round "1"]
[White "Beltrami, Francesco"]
[Black "Bossoni, Mario"]
[Result "1-0"]
[WhiteElo "1857"]
[BlackElo "1952"]
[PlyCount "89"]
[EventDate "2011.12.07"]

1. Nf3 d5 2. g3 Nf6 3. Bg2 Bf5 4. b3 e6 5. Bb2 c5 6. O-O Nc6 7. d4 Rc8 8. c3
cxd4 9. Nxd4 Nxd4 10. Qxd4 Bc5 11. Qa4+ Qd7 12. Qxd7+ Kxd7 13. Nd2 Rc7 14. c4
Bb4 15. Nf3 dxc4 16. Ne5+ Ke7 17. Nxc4 Rd8 18. a3 Bc5 19. Be5 Rcd7 20. Na5 Ne4
21. Bxe4 Bxe4 22. Bxg7 f6 23. b4 Bd4 24. Rac1 Bb2 25. Rc4 Bd5 26. Rh4 Kf7 27.
Bh6 b6 28. e4 bxa5 29. exd5 Rxd5 30. Be3 Kg7 31. Bxa7 Bxa3 32. bxa5 Ra8 33. Bb6
f5 34. Rc4 Bd6 35. Ra1 e5 36. a6 f4 37. a7 Kf6 38. Kg2 Kf5 39. Bc7 e4 40. Bxd6
Rxd6 41. Ra5+ Kg6 42. Rxe4 fxg3 43. hxg3 Rd7 44. Re6+ Kg7 45. Rea6 1-0

[Event "XXXII Memorial Edoardo Crespi B"]
[Site "Milano ITA"]
[Date "2011.12.07"]
[Round "1"]
[White "Bernago, Federico"]
[Black "Moroni, Luca"]
[Result "1/2-1/2"]
[WhiteElo "1946"]
[BlackElo "1847"]
[PlyCount "35"]
[EventDate "2011.12.07"]

1. e4 c5 2. Nf3 d6 3. d3 Nf6 4. g3 g6 5. Bg2 Bg7 6. Nbd2 Nc6 7. c3 O-O 8. O-O
Qc7 9. Re1 Bg4 10. h3 Bd7 11. Nh4 Na5 12. Nf1 c4 13. dxc4 Nxc4 14. Ne3 Nxe3 15.
Bxe3 Bc6 16. Bf4 Nh5 17. Be3 Nf6 18. Bf4 1/2-1/2

[Event "XXXII Memorial Edoardo Crespi B"]
[Site "Milano ITA"]
[Date "2011.12.07"]
[Round "1"]
[White "Bisignano, Giuseppe"]
[Black "Pandini, Giuseppe"]
[Result "1-0"]
[WhiteElo "1908"]
[BlackElo "1785"]
[PlyCount "71"]
[EventDate "2011.12.07"]

1. e4 b6 2. d4 e6 3. Nf3 Bb7 4. Bd3 c5 5. c3 Nf6 6. Qe2 Be7 7. O-O cxd4 8. cxd4
Nc6 9. e5 Nd5 10. Nc3 Nc7 11. Ne4 d5 12. Ng3 h5 13. Rd1 h4 14. Nf1 Qd7 15. Be3
Nb4 16. Bb1 O-O-O 17. a3 Nc6 18. Bd3 Kb8 19. b4 Rc8 20. N1d2 Bd8 21. Nb3 Ne7
22. b5 g6 23. a4 Nf5 24. a5 Ne8 25. Bxf5 gxf5 26. axb6 Bxb6 27. Nc5 Qc7 28.
Rdc1 Bxc5 29. dxc5 Qe7 30. c6 Ba8 31. Rxa7 Rc7 32. Rca1 Rxa7 33. Rxa7 Qb4 34.
Qa2 Nc7 35. Rxc7 Kxc7 36. Qa7+ 1-0

[Event "XXXII Memorial Edoardo Crespi B"]
[Site "Milano ITA"]
[Date "2011.12.07"]
[Round "1"]
[White "Brociner, Beniamino"]
[Black "Popovich, Fabio"]
[Result "1/2-1/2"]
[WhiteElo "1941"]
[BlackElo "1847"]
[PlyCount "62"]
[EventDate "2011.12.07"]

1. e4 e5 2. f4 Bc5 3. Nf3 d6 4. c3 Nf6 5. d4 exd4 6. cxd4 Bb6 7. Nc3 Nc6 8. Be2
O-O 9. e5 dxe5 10. dxe5 Ng4 11. Qxd8 Rxd8 12. a3 Ne3 13. Bxe3 Bxe3 14. g3 Bh3
15. Bf1 Bg4 16. Bg2 Nd4 17. Nxd4 Rxd4 18. h3 Be6 19. Rd1 Rxd1+ 20. Nxd1 Bc1 21.
Rh2 c6 22. Be4 Rd8 23. Rc2 Rd4 24. Bxc6 Bxf4 25. gxf4 bxc6 26. Rxc6 Rxf4 27.
Nf2 g6 28. Ra6 Rf5 29. Rxa7 Rxe5+ 30. Kf1 Bc4+ 31. Kg2 Bd5+ 1/2-1/2

[Event "XXXII Memorial Edoardo Crespi B"]
[Site "Milano ITA"]
[Date "2011.12.07"]
[Round "1"]
[White "Caldarola, Stefano"]
[Black "Guzzetti, Luigi Enrico"]
[Result "0-1"]
[WhiteElo "1812"]
[BlackElo "1928"]
[PlyCount "100"]
[EventDate "2011.12.07"]

1. d4 Nf6 2. c4 g6 3. Nc3 Bg7 4. e4 d6 5. Bd3 O-O 6. Nge2 Nbd7 7. b3 c5 8. d5
a6 9. a4 Qa5 10. Bd2 Re8 11. O-O Qc7 12. Rb1 Nf8 13. Ng3 e6 14. Re1 exd5 15.
exd5 Rxe1+ 16. Qxe1 Bd7 17. Qf1 Ng4 18. h3 Ne5 19. Bc2 f5 20. Qd1 Qd8 21. Nce2
h5 22. Qc1 b5 23. Bg5 Bf6 24. Bxf6 Qxf6 25. f4 Nf7 26. Qb2 Nh7 27. Qxf6 Nxf6
28. Kf2 Re8 29. Ng1 Rb8 30. axb5 axb5 31. Ke3 Ra8 32. Nf3 Ra2 33. Rc1 Ra3 34.
Kf2 Kg7 35. Bd1 Nd8 36. Nd2 Nb7 37. Rb1 Na5 38. Be2 Ra2 39. Ke1 Kh6 40. h4 Ra3
41. Ngf1 Kg7 42. Ne3 bxc4 43. Nexc4 Nxc4 44. Nxc4 Ra2 45. Nxd6 Nxd5 46. Rd1
Nxf4 47. Bf3 Nxg2+ 48. Bxg2 Rxg2 49. Nb7 Bb5 50. Rb1 Rg1+ 0-1

[Event "XXXII Memorial Edoardo Crespi B"]
[Site "Milano ITA"]
[Date "2011.12.07"]
[Round "1"]
[White "Cattaneo, Marco"]
[Black "Fornasir, Carlo Gustavo"]
[Result "1-0"]
[WhiteElo "1973"]
[BlackElo "1868"]
[PlyCount "113"]
[EventDate "2011.12.07"]

1. d4 Nf6 2. Nf3 g6 3. c4 Bg7 4. Nc3 d6 5. e4 O-O 6. Be2 Nbd7 7. O-O e5 8. Be3
Ne8 9. Rc1 f5 10. exf5 Rxf5 11. Bd3 Rf8 12. Ng5 exd4 13. Ne6 Qf6 14. Nxd4 Ne5
15. Be2 Bd7 16. Nd5 Qf7 17. f4 Nc6 18. f5 Nxd4 19. Bxd4 Bxd4+ 20. Qxd4 gxf5 21.
Rc3 h6 22. Rg3+ Kh7 23. Bh5 Qxh5 24. Nxc7 f4 25. Nxe8 Qe5 26. Rg7+ Kh8 27. Qxe5
dxe5 28. Rxd7 Rfxe8 29. Rxb7 Rad8 30. Rxa7 e4 31. Rf7 e3 32. R7xf4 e2 33. Re1
Rd2 34. b4 Rxa2 35. Kf2 Rb2 36. c5 Re6 37. c6 Rxc6 38. Rxe2 Rb1 39. Rf7 Kg8 40.
Rb7 Rf6+ 41. Kg3 Rb3+ 42. Kg4 Kf8 43. Rc2 Re6 44. Rc8+ Re8 45. Rxe8+ Kxe8 46.
Kh5 Rb2 47. Kxh6 Rxg2 48. h4 Kd8 49. h5 Kc8 50. Rg7 Rb2 51. Rg4 Rd2 52. Kg6
Rd6+ 53. Kg7 Rd7+ 54. Kf6 Rd6+ 55. Ke7 Rh6 56. Rh4 Kc7 57. Kf7 1-0

[Event "XXXII Memorial Edoardo Crespi B"]
[Site "Milano ITA"]
[Date "2011.12.07"]
[Round "1"]
[White "Cerioni, Armando"]
[Black "Mansueti, Marco"]
[Result "1-0"]
[WhiteElo "1949"]
[BlackElo "1852"]
[PlyCount "53"]
[EventDate "2011.12.07"]

1. d4 d5 2. Nf3 Nf6 3. e3 e6 4. Bd3 c5 5. b3 Nc6 6. Bb2 Bd6 7. O-O O-O 8. Ne5
Qc7 9. f4 Ne4 10. Nd2 Nxd2 11. Qxd2 f6 12. Nxc6 Qxc6 13. Qe2 Qe8 14. e4 cxd4
15. exd5 e5 16. fxe5 fxe5 17. Rxf8+ Qxf8 18. Qh5 g6 19. Bxg6 Qg7 20. Bf5 Bxf5
21. Qxf5 Re8 22. Re1 Qf7 23. Qg5+ Kh8 24. Rf1 Qxd5 25. Qf6+ Kg8 26. Rf5 h6 27.
Qg6+ 1-0

[Event "XXXII Memorial Edoardo Crespi B"]
[Site "Milano ITA"]
[Date "2011.12.07"]
[Round "1"]
[White "Cocconcelli, Lorenzo"]
[Black "Scagliotti, Guglielmo"]
[Result "1-0"]
[WhiteElo "1900"]
[BlackElo "1777"]
[PlyCount "67"]
[EventDate "2011.12.07"]

1. d4 f5 2. g3 g6 3. Bg2 Nf6 4. c4 Bg7 5. Nc3 c6 6. Nf3 O-O 7. O-O d6 8. Qc2
Qe8 9. b3 e5 10. dxe5 dxe5 11. Ba3 Rf7 12. Ng5 Rd7 13. e4 Rd8 14. Rad1 Bf8 15.
Rxd8 Qxd8 16. Rd1 Qc7 17. Bxf8 Kxf8 18. exf5 gxf5 19. Bh3 e4 20. Ncxe4 Nxe4 21.
Nxe4 fxe4 22. Bxc8 Qxc8 23. Qxe4 Kg8 24. Qe7 Na6 25. Rd7 Qxd7 26. Qxd7 Rf8 27.
Qxb7 Nb8 28. Qxa7 Re8 29. Kg2 h5 30. a4 Kf8 31. a5 h4 32. Qb7 hxg3 33. hxg3 c5
34. a6 1-0

[Event "XXXII Memorial Edoardo Crespi B"]
[Site "Milano ITA"]
[Date "2011.12.07"]
[Round "1"]
[White "Falchi, Claudio"]
[Black "Arboscelli, Gregorio"]
[Result "1/2-1/2"]
[WhiteElo "1784"]
[BlackElo "1907"]
[PlyCount "81"]
[EventDate "2011.12.07"]

1. e4 c5 2. Nc3 Nc6 3. g3 g6 4. Bg2 Bg7 5. d3 d6 6. f4 e6 7. Nf3 Nge7 8. O-O
O-O 9. Be3 Nd4 10. e5 dxe5 11. Nxe5 Nd5 12. Nxd5 exd5 13. b4 b6 14. bxc5 bxc5
15. Bxd4 cxd4 16. Nc6 Qd6 17. Bxd5 Bb7 18. Qf3 Rac8 19. Ne7+ Qxe7 20. Bxb7 Rxc2
21. Ba6 Qa3 22. Bc4 Qc3 23. Rab1 Qd2 24. Rf2 Rc1+ 25. Rxc1 Qxc1+ 26. Rf1 Qe3+
27. Qxe3 dxe3 28. Re1 Rb8 29. Re2 Kf8 30. Kg2 Bd4 31. Kf3 f5 32. Kg2 Rb1 33.
Kf3 a5 34. Bb3 Ke7 35. Rc2 Rf1+ 36. Kg2 Rf2+ 37. Rxf2 exf2 38. Kf1 Kf6 39. Bd1
h6 40. h3 g5 41. Be2 1/2-1/2

[Event "XXXII Memorial Edoardo Crespi B"]
[Site "Milano ITA"]
[Date "2011.12.07"]
[Round "1"]
[White "Ferrari, Claudio"]
[Black "Ranfagni, Stefano"]
[Result "1/2-1/2"]
[WhiteElo "1879"]
[BlackElo "1998"]
[PlyCount "64"]
[EventDate "2011.12.07"]

1. e4 e5 2. Nf3 Nc6 3. Bc4 Bc5 4. b4 Bxb4 5. c3 Be7 6. d4 d6 7. Qb3 Na5 8.
Bxf7+ Kf8 9. Qa4 c6 10. Bxg8 Kxg8 11. dxe5 dxe5 12. O-O b5 13. Qc2 Nc4 14. Nbd2
Nxd2 15. Bxd2 Qd6 16. Rfd1 Qe6 17. Bg5 h6 18. Bxe7 Qxe7 19. Qd3 Bg4 20. Qd6
Qxd6 21. Rxd6 Bxf3 22. gxf3 Kf7 23. Rad1 Rhc8 24. Rd7+ Kf8 25. R1d6 a5 26. Rg6
b4 27. cxb4 axb4 28. Rgxg7 c5 29. Rdf7+ Ke8 30. Re7+ Kf8 31. Rh7 Kg8 32. Rxh6
c4 1/2-1/2

[Event "XXXII Memorial Edoardo Crespi B"]
[Site "Milano ITA"]
[Date "2011.12.07"]
[Round "1"]
[White "Forno, Roberto"]
[Black "Falconieri, Goffredo"]
[Result "1-0"]
[WhiteElo "1911"]
[BlackElo "1789"]
[PlyCount "67"]
[EventDate "2011.12.07"]

1. e4 c6 2. Nf3 d5 3. Nc3 dxe4 4. Nxe4 Nd7 5. Bc4 e6 6. O-O Ngf6 7. Ng3 Be7 8.
d4 O-O 9. Qe2 Nb6 10. Bd3 c5 11. dxc5 Bxc5 12. Bg5 Be7 13. Rad1 Qc7 14. Rfe1
Nbd5 15. Ne5 Nb4 16. Bc4 a6 17. a3 Nbd5 18. Bd3 b5 19. f4 Re8 20. Kh1 Bb7 21.
f5 Bc8 22. Qf3 Rf8 23. h4 exf5 24. Nxf5 Bxf5 25. Qxf5 g6 26. Qf3 Rad8 27. Re2
Kg7 28. g4 h6 29. Bc1 Bc5 30. b4 Bd4 31. Rde1 Nc3 32. Bxh6+ Kg8 33. Qxf6 Bxe5
34. Rxe5 1-0

[Event "XXXII Memorial Edoardo Crespi B"]
[Site "Milano ITA"]
[Date "2011.12.07"]
[Round "1"]
[White "Ganci, Stefano"]
[Black "Cavalleri, Giuseppe"]
[Result "0-1"]
[WhiteElo "1920"]
[BlackElo "1812"]
[PlyCount "86"]
[EventDate "2011.12.07"]

1. b4 e5 2. Bb2 d6 3. c4 f5 4. e3 Nf6 5. Nf3 Be7 6. d4 e4 7. Nfd2 O-O 8. Nc3 c6
9. Be2 h6 10. a4 Na6 11. Qb3 Kh7 12. O-O Nc7 13. b5 Ne6 14. bxc6 bxc6 15. Ba3
Bd7 16. Rfb1 Ng5 17. Qc2 Nf7 18. Rb3 g5 19. Rab1 g4 20. Bf1 Ng5 21. Ne2 c5 22.
Rb7 Bc6 23. R7b2 Rc8 24. d5 Ba8 25. Nf4 h5 26. Rb5 Rg8 27. Be2 Qf8 28. Nf1 Qh6
29. Bb2 h4 30. Bc3 Nh5 31. Nxh5 Qxh5 32. Qb2 Nf3+ 33. Bxf3 gxf3 34. Bf6 Qg6 35.
g3 Bxf6 36. Rb7+ Bxb7 37. Qxb7+ Bg7 38. Qe7 Qg4 39. Rb7 Qh3 40. Qxh4+ Qxh4 41.
gxh4 Kh6 42. Ng3 Be5 43. Kh1 Bxg3 0-1

[Event "XXXII Memorial Edoardo Crespi B"]
[Site "Milano ITA"]
[Date "2011.12.07"]
[Round "1"]
[White "Gemelli, Giovanni"]
[Black "Riboldi, Raffaele"]
[Result "1/2-1/2"]
[WhiteElo "1759"]
[BlackElo "1887"]
[PlyCount "90"]
[EventDate "2011.12.07"]

1. e4 e6 2. d4 d5 3. Nc3 Bb4 4. e5 c5 5. a3 Bxc3+ 6. bxc3 Ne7 7. Qg4 Qc7 8.
Qxg7 Rg8 9. Qxh7 cxd4 10. Ne2 Nbc6 11. f4 Bd7 12. Qd3 dxc3 13. Qxc3 Rc8 14. Bd2
Nf5 15. Rc1 Qd8 16. Qd3 a6 17. g3 Nce7 18. Nc3 Nc6 19. Ne2 Na5 20. Nc3 Nc4 21.
Bh3 Ne7 22. g4 Nxd2 23. Qxd2 Qa5 24. Ne2 Qxa3 25. Qd3 Qb4+ 26. c3 Qc5 27. Nd4
Ng6 28. Qe3 Ne7 29. g5 Bb5 30. Bg4 Bc4 31. h4 Nc6 32. h5 Nxd4 33. Qxd4 Qxd4 34.
cxd4 Ke7 35. Kd2 b5 36. Ra1 b4 37. Rhb1 b3 38. Bd1 Rb8 39. Rb2 Rb4 40. Ra5 Rgb8
41. h6 Kf8 42. Ra3 Bf1 43. Ke3 Bc4 44. Kd2 Bf1 45. Ke3 Bc4 1/2-1/2

[Event "XXXII Memorial Edoardo Crespi B"]
[Site "Milano ITA"]
[Date "2011.12.07"]
[Round "1"]
[White "Giallombardo, Federico"]
[Black "Silari, Andrea"]
[Result "1-0"]
[WhiteElo "1906"]
[BlackElo "1784"]
[PlyCount "47"]
[EventDate "2011.12.07"]

1. d4 Nf6 2. c4 g6 3. Nc3 Bg7 4. e4 d6 5. Be2 O-O 6. Nf3 e5 7. O-O Nc6 8. d5
Ne7 9. Ne1 Nd7 10. g4 a5 11. Nd3 f5 12. gxf5 gxf5 13. Bg5 f4 14. Kh1 Kh8 15.
Rg1 Nf6 16. c5 Bh3 17. Rc1 Qd7 18. f3 Nh5 19. cxd6 cxd6 20. Nf2 Bf6 21. Bb5 Nc6
22. dxc6 bxc6 23. Bxc6 Qxc6 24. Nxh3 1-0

[Event "XXXII Memorial Edoardo Crespi B"]
[Site "Milano ITA"]
[Date "2011.12.07"]
[Round "1"]
[White "Grigioni, Giulio"]
[Black "Miracola, Giorgia"]
[Result "1/2-1/2"]
[WhiteElo "1896"]
[BlackElo "1763"]
[PlyCount "74"]
[EventDate "2011.12.07"]

1. e4 c5 2. Nf3 d6 3. d4 cxd4 4. Nxd4 Nf6 5. Nc3 a6 6. a4 e5 7. Nf5 d5 8. Bg5
d4 9. Bxf6 Qxf6 10. Nd5 Qd8 11. Qf3 Be6 12. Bc4 Nc6 13. O-O Nb4 14. Bb3 a5 15.
Qg3 Bxf5 16. Qxe5+ Be6 17. Nc7+ Kd7 18. Nxa8 Qxa8 19. Bxe6+ fxe6 20. Qxd4+ Ke7
21. Rad1 Qc8 22. Rd2 Kf7 23. c3 Nc6 24. Qb6 Be7 25. Rfd1 Rd8 26. Qb5 Rxd2 27.
Rxd2 Kg8 28. Rd3 Bf6 29. f4 Qc7 30. e5 Be7 31. Kf1 g6 32. Rd2 Kf7 33. Qd3 Nb8
34. Qb5 Nc6 35. Qd3 Nb8 36. Rc2 Nd7 37. b4 Nb6 1/2-1/2

[Event "XXXII Memorial Edoardo Crespi B"]
[Site "Milano ITA"]
[Date "2011.12.07"]
[Round "1"]
[White "Kimbin, Richard Conrod"]
[Black "Bonassi, Tommaso"]
[Result "1/2-1/2"]
[WhiteElo "1937"]
[BlackElo "1843"]
[PlyCount "69"]
[EventDate "2011.12.07"]

1. Nf3 c5 2. c4 Nc6 3. d3 g6 4. Nc3 Bg7 5. e4 e6 6. Be3 d6 7. Qd2 Nd4 8. Bxd4
cxd4 9. Nb5 Qb6 10. a4 a6 11. a5 axb5 12. axb6 Rxa1+ 13. Ke2 Bd7 14. g3 e5 15.
cxb5 f5 16. exf5 gxf5 17. Bg2 Rxh1 18. Bxh1 d5 19. Qg5 Bf6 20. Qh5+ Kf8 21. Nh4
Ne7 22. Qh6+ Kf7 23. Bf3 e4 24. Bh5+ Ke6 25. g4 Rg8 26. Nxf5 Nxf5 27. gxf5+ Ke5
28. f4+ exf3+ 29. Kxf3 Bxf5 30. Qf4+ Ke6 31. Qc7 Rg7 32. Qc8+ Ke5 33. Qb8+ Ke6
34. Qc8+ Ke5 35. Qb8+ 1/2-1/2

[Event "XXXII Memorial Edoardo Crespi B"]
[Site "Milano ITA"]
[Date "2011.12.07"]
[Round "1"]
[White "Lanni, Vincenzo"]
[Black "Rechi Montes, Xavier"]
[Result "0-1"]
[WhiteElo "1766"]
[BlackElo "1900"]
[PlyCount "60"]
[EventDate "2011.12.07"]

1. d4 Nf6 2. g3 g6 3. Bg2 Bg7 4. Nf3 O-O 5. O-O d6 6. c4 Nbd7 7. Qc2 c5 8. d5
Ne5 9. Nxe5 dxe5 10. e4 Nh5 11. Be3 Qc7 12. Nc3 a6 13. Bf3 Bh3 14. Bg2 Bxg2 15.
Kxg2 f5 16. f3 f4 17. Bg1 fxg3 18. hxg3 Rf6 19. Be3 Raf8 20. Rad1 Qc8 21. Bg5
R6f7 22. d6 exd6 23. Rxd6 h6 24. Be3 Rxf3 25. Rxf3 Rxf3 26. Kxf3 Qf8+ 27. Kg2
Qxd6 28. Nd5 Bf8 29. Qd1 Nf6 30. Bxh6 Nxd5 0-1

[Event "XXXII Memorial Edoardo Crespi B"]
[Site "Milano ITA"]
[Date "2011.12.07"]
[Round "1"]
[White "Lanzani, Giuliano"]
[Black "Coppola, Federico"]
[Result "1-0"]
[WhiteElo "1953"]
[BlackElo "1858"]
[PlyCount "57"]
[EventDate "2011.12.07"]

1. g3 Nf6 2. Bg2 e5 3. Nf3 Nc6 4. d4 e4 5. Ne5 d6 6. Nxc6 bxc6 7. c4 d5 8. c5
Be7 9. Qa4 Bd7 10. Qa5 Rb8 11. b3 Qc8 12. Bf4 Rb7 13. Be5 Ng4 14. Bxg7 Rg8 15.
h3 Nxf2 16. Kxf2 Rxg7 17. e3 h5 18. Nc3 h4 19. Rac1 hxg3+ 20. Ke2 Rh7 21. Nxd5
Bxh3 22. Nf4 Bg4+ 23. Kd2 Rxh1 24. Rxh1 Bf3 25. Rh8+ Bf8 26. Qa6 f6 27. Qxc6+
Kf7 28. Qd5+ Kg7 29. Qg8# 1-0

[Event "XXXII Memorial Edoardo Crespi B"]
[Site "Milano ITA"]
[Date "2011.12.07"]
[Round "1"]
[White "Marinc, Damir"]
[Black "Patrucco, Carlo"]
[Result "1/2-1/2"]
[WhiteElo "2003"]
[BlackElo "1884"]
[PlyCount "52"]
[EventDate "2011.12.07"]

1. Nf3 Nf6 2. d3 c5 3. e4 d6 4. h3 g6 5. c3 Nc6 6. Bg5 Bg7 7. Nbd2 b5 8. d4 Rb8
9. d5 Na5 10. Bd3 O-O 11. O-O b4 12. c4 Nd7 13. Rb1 Ne5 14. Nxe5 Bxe5 15. Nf3
Bg7 16. b3 Qc7 17. Re1 Nb7 18. Bf4 e5 19. dxe6 fxe6 20. Bg3 e5 21. Nh2 Nd8 22.
Qd2 Ne6 23. Bf1 Nf4 24. Rbd1 Bh6 25. Qc2 Ne6 26. Be2 Nd4 1/2-1/2

[Event "XXXII Memorial Edoardo Crespi B"]
[Site "Milano ITA"]
[Date "2011.12.07"]
[Round "1"]
[White "Mondal, Prince"]
[Black "Rossi, Giampiero"]
[Result "1/2-1/2"]
[WhiteElo "1786"]
[BlackElo "1910"]
[PlyCount "96"]
[EventDate "2011.12.07"]

1. e4 c5 2. c3 d5 3. exd5 Qxd5 4. d4 e6 5. Nf3 Nc6 6. Be2 cxd4 7. cxd4 Nf6 8.
O-O Be7 9. Nc3 Qd6 10. Nb5 Qb8 11. h3 O-O 12. Nc3 Rd8 13. Be3 Bd7 14. Qd2 Be8
15. Rfd1 a6 16. Bf4 Bd6 17. Bxd6 Qxd6 18. Rac1 Rac8 19. a3 h6 20. Qe3 Ne7 21.
Bf1 Ned5 22. Nxd5 Nxd5 23. Qd2 Qf4 24. Qxf4 Nxf4 25. g3 Nd5 26. Bg2 f6 27. Rc5
b6 28. Rcc1 Ne7 29. Kh2 Kf7 30. g4 Bc6 31. Rd2 Bxf3 32. Rxc8 Rxc8 33. Bxf3 Nd5
34. Kg3 Ke7 35. Bxd5 exd5 36. Kf4 g6 37. Ke3 Rc1 38. Ke2 g5 39. Kf3 Rc4 40. Kg3
Kf7 41. f4 b5 42. f5 a5 43. Kf2 a4 44. Ke3 b4 45. Kd3 b3 46. Re2 Rc6 47. Kd2
Rc2+ 48. Kd3 Rc6 1/2-1/2

[Event "XXXII Memorial Edoardo Crespi B"]
[Site "Milano ITA"]
[Date "2011.12.07"]
[Round "1"]
[White "Montilli, Vincenzo"]
[Black "Motola, Jacopo"]
[Result "0-1"]
[WhiteElo "1777"]
[BlackElo "1903"]
[PlyCount "104"]
[EventDate "2011.12.07"]

1. d4 d5 2. c4 dxc4 3. Nc3 a6 4. a4 Nc6 5. e3 Na5 6. Nf3 Nf6 7. Ne5 Be6 8. Be2
g6 9. O-O Bg7 10. e4 Nb3 11. Rb1 Qxd4 12. Qxd4 Nxd4 13. Bxc4 Bxc4 14. Nxc4 O-O
15. Be3 Rfd8 16. Rbd1 Nc6 17. Bf4 Rxd1 18. Rxd1 Rc8 19. h3 Ne8 20. f3 Nd6 21.
Ne3 Kf8 22. Kf2 b5 23. axb5 axb5 24. Bxd6 cxd6 25. Nxb5 Rb8 26. Na3 Rxb2+ 27.
Kf1 Ke8 28. Nac4 Rb4 29. Rc1 Ne5 30. Nxe5 Bxe5 31. Nd5 Rb7 32. Rc2 Bg3 33. Ke2
Kd7 34. Kd3 h5 35. Kc4 e6 36. Nc3 Rc7+ 37. Kd3 Be5 38. Nb5 Rb7 39. Kc4 Rb8 40.
Ra2 Ke7 41. Ra7+ Kf6 42. Rd7 Rb6 43. Kb4 g5 44. Ka5 Rc6 45. g4 h4 46. Kb4 Rc2
47. Nxd6 Bxd6+ 48. Rxd6 Rh2 49. Kc3 Rxh3 50. Rd3 Rg3 51. Kd4 h3 52. e5+ Kg6 0-1

[Event "XXXII Memorial Edoardo Crespi B"]
[Site "Milano ITA"]
[Date "2011.12.07"]
[Round "1"]
[White "Montoli, Marco"]
[Black "Marchini, Daniele"]
[Result "1/2-1/2"]
[WhiteElo "1929"]
[BlackElo "1813"]
[PlyCount "109"]
[EventDate "2011.12.07"]

1. c4 Nf6 2. g3 g6 3. Bg2 Bg7 4. Nc3 e5 5. Nf3 d6 6. d3 O-O 7. O-O Re8 8. Bg5
c6 9. Qc1 Qb6 10. Rb1 Nbd7 11. b4 e4 12. Be3 Qa6 13. Nd2 exd3 14. exd3 Ne5 15.
b5 Qa5 16. Nb3 Qc7 17. Qd2 Bf5 18. Nc1 Nfg4 19. b6 Qd7 20. Bd4 Nf3+ 21. Bxf3
Bxd4 22. Ne4 Bxe4 23. dxe4 Ne5 24. Bg2 Bxb6 25. Qc2 Qe6 26. Rb4 Rab8 27. Nd3
Nxd3 28. Qxd3 Qe5 29. Rbb1 Qd4 30. Qxd4 Bxd4 31. Rfd1 c5 32. Bf3 Re7 33. Kf1 b6
34. Rb3 Be5 35. Ra3 b5 36. cxb5 Rxb5 37. Rb3 Rxb3 38. axb3 Rb7 39. Rd3 Rb4 40.
Re3 Kf8 41. Be2 a5 42. Bd1 f6 43. f3 Ke7 44. Ke2 c4 45. bxc4 Rxc4 46. Ra3 Rc5
47. Ba4 Bc3 48. Ra2 Rh5 49. Kd3 Bb4 50. Rc2 Ke6 51. Bb3+ Kd7 52. Ba4+ Kd8 53.
f4 Rc5 54. Rxc5 Bxc5 55. h3 1/2-1/2

[Event "XXXII Memorial Edoardo Crespi B"]
[Site "Milano ITA"]
[Date "2011.12.07"]
[Round "1"]
[White "Murli, Almerico"]
[Black "Ciciotti, Augusto"]
[Result "0-1"]
[WhiteElo "1804"]
[BlackElo "1917"]
[PlyCount "82"]
[EventDate "2011.12.07"]

1. e4 c5 2. Nf3 d6 3. d4 cxd4 4. Nxd4 Nf6 5. Nc3 g6 6. Be3 Bg7 7. f3 O-O 8. Qd2
Nc6 9. Bc4 Bd7 10. O-O-O Rc8 11. Bb3 Ne5 12. h4 h5 13. Bg5 Rc5 14. Rhe1 b5 15.
Kb1 a5 16. a3 Nc4 17. Bxc4 bxc4 18. Nd5 Nxd5 19. exd5 Qb6 20. c3 Rb8 21. Nc6
Bxc6 22. dxc6 Rb5 23. Re2 Qc5 24. Qc1 e6 25. Be7 Qf5+ 26. Ka2 d5 27. c7 Rc8 28.
Bd6 Kh7 29. Qg5 Bf6 30. Qxf5 gxf5 31. a4 Rb6 32. Be5 Bxe5 33. Rxe5 Rxc7 34. g4
f6 35. Re2 fxg4 36. fxg4 hxg4 37. Rde1 Rcc6 38. Rg1 f5 39. Rg3 Kh6 40. Rge3 Kh5
41. Rh2 Rc7 0-1

[Event "XXXII Memorial Edoardo Crespi B"]
[Site "Milano ITA"]
[Date "2011.12.07"]
[Round "1"]
[White "Olivo, Mario"]
[Black "Swannie, Douglas"]
[Result "0-1"]
[WhiteElo "1860"]
[BlackElo "1955"]
[PlyCount "92"]
[EventDate "2011.12.07"]

1. c4 c5 2. Nf3 Nc6 3. g3 g6 4. Bg2 Bg7 5. Nc3 e5 6. d3 Nge7 7. O-O O-O 8. Bg5
f6 9. Bd2 d6 10. Qc1 Re8 11. Bh6 Bh8 12. h4 Be6 13. e4 Qd7 14. Kh2 Nd4 15. Nxd4
exd4 16. Ne2 Nc6 17. Nf4 Ne5 18. f3 Bg7 19. Bxg7 Kxg7 20. Qd2 Rab8 21. Nxe6+
Qxe6 22. Bh3 Qe7 23. f4 Nc6 24. Rae1 Qc7 25. Qd1 b5 26. cxb5 Rxb5 27. b3 Nb4
28. Rf2 Rbb8 29. Ref1 f5 30. a3 Nxd3 31. Qxd3 fxe4 32. Qc4 Qa5 33. f5 Qc3 34.
f6+ Kf8 35. Be6 Qxc4 36. Bxc4 Re5 37. a4 d5 38. Bb5 a6 39. Bxa6 Rxb3 40. Rd1 d3
41. Bxd3 exd3 42. Ra2 Re2+ 43. Rxe2 dxe2 44. Re1 Rb2 45. Kg2 d4 46. Ra1 e1=Q+
0-1

[Event "XXXII Memorial Edoardo Crespi B"]
[Site "Milano ITA"]
[Date "2011.12.07"]
[Round "1"]
[White "Paganini, Andrea"]
[Black "Barolo, Andrea"]
[Result "0-1"]
[WhiteElo "1847"]
[BlackElo "1944"]
[PlyCount "77"]
[EventDate "2011.12.07"]

1. e4 e5 2. Nf3 Nc6 3. Nc3 Nf6 4. g3 d5 5. exd5 Nxd5 6. Bg2 Nxc3 7. bxc3 Be7 8.
d4 Bg4 9. Qd3 exd4 10. cxd4 O-O 11. O-O Bxf3 12. Bxf3 Qxd4 13. Be3 Qxd3 14.
cxd3 Rad8 15. Rab1 Ne5 16. Bxb7 Rxd3 17. Bxa7 Ra3 18. Bd4 Nf3+ 19. Bxf3 Rxf3
20. Rfc1 Bd6 21. Rc3 Rxc3 22. Bxc3 Ra8 23. a4 f5 24. a5 Kf7 25. Kg2 g6 26. Kf3
Ke6 27. Ke3 Kd5 28. Kd3 Bc5 29. Be1 Ra6 30. f3 h5 31. h3 Bd6 32. g4 hxg4 33.
fxg4 fxg4 34. hxg4 Be5 35. Rb5+ Ke6 36. Kc4 Bd6 37. Rg5 Kf6 38. Rd5 Ke6 39. Rb5
0-1

[Event "XXXII Memorial Edoardo Crespi B"]
[Site "Milano ITA"]
[Date "2011.12.07"]
[Round "1"]
[White "Papa, Angelo"]
[Black "Sottroi, Carlo"]
[Result "1/2-1/2"]
[WhiteElo "1850"]
[BlackElo "1949"]
[PlyCount "39"]
[EventDate "2011.12.07"]

1. d4 Nf6 2. c4 g6 3. Nc3 Bg7 4. e4 d6 5. f3 O-O 6. Bg5 c6 7. Bd3 Re8 8. Nge2
Qa5 9. Qd2 Nbd7 10. O-O a6 11. a3 b5 12. b4 Qb6 13. Be3 Qc7 14. Rfc1 Qb8 15.
cxb5 axb5 16. a4 bxa4 17. Nxa4 Ba6 18. Nb2 Bxd3 19. Nxd3 Qb7 20. Nc3 1/2-1/2

[Event "XXXII Memorial Edoardo Crespi B"]
[Site "Milano ITA"]
[Date "2011.12.07"]
[Round "1"]
[White "Regorda, Vittorio"]
[Black "Dobboletta, Alex"]
[Result "0-1"]
[WhiteElo "1844"]
[BlackElo "1939"]
[PlyCount "54"]
[EventDate "2011.12.07"]

1. d4 Nf6 2. c4 g6 3. Nc3 Bg7 4. e4 d6 5. f3 O-O 6. Be3 Nbd7 7. Bd3 c5 8. d5
Ne5 9. Nge2 Nfd7 10. b3 Nxd3+ 11. Qxd3 Ne5 12. Qc2 f5 13. Rd1 fxe4 14. Qxe4 Bf5
15. Qh4 Bc2 16. O-O Bxd1 17. Nxd1 Bf6 18. Qe4 Qd7 19. Nf4 Qf5 20. Qxf5 gxf5 21.
Ne6 Rf7 22. Nf2 Ng6 23. Nh3 Nf8 24. Bh6 Nxe6 25. dxe6 Bd4+ 26. Kh1 Rf6 27. Bg5
Rxe6 0-1

[Event "XXXII Memorial Edoardo Crespi B"]
[Site "Milano ITA"]
[Date "2011.12.07"]
[Round "1"]
[White "Roversi, Stefano"]
[Black "Petrone, Gianmario"]
[Result "0-1"]
[WhiteElo "1836"]
[BlackElo "1937"]
[PlyCount "40"]
[EventDate "2011.12.07"]

1. e4 c5 2. Nf3 d6 3. Bb5+ Bd7 4. Bxd7+ Qxd7 5. O-O Nc6 6. d4 cxd4 7. Nxd4 g6
8. Be3 Nf6 9. Nc3 Bg7 10. f4 Ng4 11. Nxc6 Nxe3 12. Qe2 Nxf1 13. Nb4 Nxh2 14.
Kxh2 O-O 15. e5 dxe5 16. Rd1 Qe6 17. Nbd5 exf4 18. Ne4 f5 19. Qc4 fxe4 20.
Nxe7+ Kf7 0-1